Adobe Dreamweaver CS4 Illustrated / (Record no. 13629)
[ view plain ]
| 000 -LEADER | |
|---|---|
| fixed length control field | 01199nam a22003015a 4500 |
| 001 - CONTROL NUMBER | |
| control field | 16068520 |
| 005 - DATE AND TIME OF LATEST TRANSACTION | |
| control field | 20100126064529.0 |
| 008 - FIXED-LENGTH DATA ELEMENTS--GENERAL INFORMATION | |
| fixed length control field | 100125s2010 mau |r 001 0 eng |
| 010 ## - LIBRARY OF CONGRESS CONTROL NUMBER | |
| LC control number | 2010921374 |
| 020 ## - INTERNATIONAL STANDARD BOOK NUMBER | |
| International Standard Book Number | 9780538747127 |
| 020 ## - INTERNATIONAL STANDARD BOOK NUMBER | |
| International Standard Book Number | 0538747129 |
| 040 ## - CATALOGING SOURCE | |
| Original cataloging agency | DLC |
| Transcribing agency | DLC |
| 082 ## - DEWEY DECIMAL CLASSIFICATION NUMBER | |
| Edition number | 22 |
| Classification number | 006.78 |
| Item number | BIS |
| 100 1# - MAIN ENTRY--PERSONAL NAME | |
| Personal name | Bishop, Sherry. |
| 9 (RLIN) | 12461 |
| 245 10 - TITLE STATEMENT | |
| Title | Adobe Dreamweaver CS4 Illustrated / |
| Statement of responsibility, etc | Sherry Bishop |
| 260 ## - PUBLICATION, DISTRIBUTION, ETC. (IMPRINT) | |
| Place of publication, distribution, etc | Boston, Ma : |
| Name of publisher, distributor, etc | Course Technology Cengage Learning, 2010 |
| Date of publication, distribution, etc | 2010. |
| 263 ## - PROJECTED PUBLICATION DATE | |
| Projected publication date | 1008 |
| 300 ## - PHYSICAL DESCRIPTION | |
| Extent | 286 p.: |
| Other physical details | Col. ill.; |
| Dimensions | 28 cm. |
| 490 ## - Series Statement | |
| Series statement | Illustrated Series |
| 500 ## - GENERAL NOTE | |
| General note | Includes index |
| 650 ## - SUBJECT ADDED ENTRY--TOPICAL TERM | |
| 9 (RLIN) | 12459 |
| Topical term or geographic name as entry element | Dreamweaver (Computer file) |
| 650 ## - SUBJECT ADDED ENTRY--TOPICAL TERM | |
| 9 (RLIN) | 11302 |
| Topical term or geographic name as entry element | Web sites |
| General subdivision | Design. |
| 650 ## - SUBJECT ADDED ENTRY--TOPICAL TERM | |
| 9 (RLIN) | 12460 |
| Topical term or geographic name as entry element | Web sites |
| General subdivision | Authoring programs. |
| 942 ## - ADDED ENTRY ELEMENTS (KOHA) | |
| Source of classification or shelving scheme | Dewey Decimal Classification |
| Item type | NB - Book (Non borrowing) |
| Withdrawn status | Item status | Source of classification or shelving scheme | Damaged status | Not for loan | Vendor | Home library | Current library | Shelving location | Date acquired | Source of acquisition | Total Checkouts | Full call number | Barcode | Date last seen | Date last borrowed | Koha item type | Total Renewals |
|---|---|---|---|---|---|---|---|---|---|---|---|---|---|---|---|---|---|
| Dewey Decimal Classification | Baccah | Central Library | Central Library | Lower Floor | 10/03/2010 | 1 | 006.78 BIS | 000020178 | 15/07/2025 | 08/08/2010 | NB - Book (Non borrowing) | ||||||
| Dewey Decimal Classification | Baccah | Central Library | Central Library | Lower Floor | 10/03/2010 | 4 | 006.78 BIS | 000020177 | 15/07/2025 | 15/04/2013 | Book - Borrowing | 35 |